Responses for Show #5595 - Friday, December 26, 2008

Jim Stevens game 5.

Contestants

[<< previous game]

Mikey Stewart, an economist from Cambridge, Massachusetts

Cathy Flanagan, an administrator from Charlottetown, Prince Edward Island, Canada

Jim Stevens, a math teacher from Fairview Park, Ohio (whose 4-day cash winnings total $94,600)

[next game >>]

Jeopardy! Round responses

THE CONSTITUTION TODAY
SINGERS' RHYME TIME
NUMERICAL PHRASES
GLASS & GLASSMAKING
"MO" BETTER
FAMOUS RAYS
    $200 9
habeas corpus

Cathy
    $200 10
Wonder's blunders

Jim
    $200 14
(Cathy: Definite. What are def...)
...
(Alex: Correct response--what is [*]--[*] pronouns.)

third person

Cathy
Triple Stumper
    $200 1
darken

Jim
    $200 24
Moses

Mikey
    $200 6
Coke

Cathy
    $400 11
impeachment

Jim
    $400 13
Marley's Harleys

Jim
    $400 20
(Alex: They're known as [*].)

second-story men

Triple Stumper
    $400 2
Edison

Jim
    $400 25
motocross

Cathy
    $400 7
bass

Cathy
    $600 12
(Mikey: What are accusers?)

witnesses

CathyMikey
    $600 17
Raitt's crates

Jim
    $600 21
Route 66

Jim
    $600 3
blue

Jim
    $600 26
mobiles

Cathy
    $600 8
Ray Kroc

Mikey
    $800 15
privacy

Mikey
    $800 18
Usher's gushers

Jim
    $800 22
a sixth sense

Mikey
    $800 4
a stained-glass window

Jim
    $800 27
momentum

Cathy
    $800 29
(Cathy: Who is Raymond Price?)
...
(Alex: Who is [*]--Vincent Massey, [*].)

Raymond Massey

Cathy
Triple Stumper
    $1,000 16
(Mikey: What is the First Amendment?)
(Alex: No, sorry, [*]--the right to bear arms--individual--not just collective.)

the Second Amendment

Mikey
    $1000 19
Phil's trills

Cathy
    $1000 23
the fourth estate

Cathy
    $1000 5
(Mikey: What is Tiffany?)
...
(Alex: From Sweden, the name of the company is [*].
[*] crystal.

Orrefors

Mikey
Triple Stumper
    $1000 28
Moliere

Jim
    $1000 30
Raymond Chandler

Jim

Scores at the first commercial break (after clue 14):

Jim Cathy Mikey
$3,000 $1,200 -$1,000

Scores at the end of the Jeopardy! Round:

Jim Cathy Mikey
$7,000 $4,200 -$200

Double Jeopardy! Round responses

GERMANIA
1890s CINEMA
THE OLD REALTOR'S ALMANAC
PRESIDENTIAL RUNNERS-UP
(Alex: We'll give you the [*]--you name the winner.)
DOUBLE LETTERS
FAMOUS RAYS
(Alex: But of a different kind, I suspect.)
    $400 24
Bonn

Cathy
    $400 1
Santa Claus

Mikey
    $400 11
Kennedy

Mikey
    $400 3
(Mikey: What is a grass skirt?)
...
(Alex: [*]--that's double letters.)

a muumuu

CathyMikey
    $400 16
gravity

Mikey
    $800 25
the Deutsche Mark

Mikey
    $800 9
(Cathy: What is a table?)
...
(Alex: They danced on [*]. Remember that famous scene with Fred?)

the ceiling

Cathy
Triple Stumper
    $800 15
Eisenhower

Jim
    $800 4
correct

Jim
    $800 20
X-rays

Mikey
    $1200 28
[The end-of-round signal sounds.]

The Magic Flute

Cathy
    $1200 7
McKinley

Jim
    $4,000 26
(Mikey: What is $3,000?)
(Alex: No, 6% of $500,000 is $30,000, half of that is [*].)

$15,000

Mikey
    $1200 14
Andrew Jackson

Mikey
    $1200 5
(Alex: And that word is [*].)

flattery

Triple Stumper
    $1200 17
cosmic rays

Mikey
    $6,400 22
an Ubermensch

Mikey
    $1600 2
an elephant

Jim
    $1600 21
(Alex: You're selling your home, you want to know about the [*].)

comps

Triple Stumper
    $1600 12
Woodrow Wilson

Mikey
    $1600 6
a guppy

Mikey
    $1600 18
the Ba ray

Triple Stumper
    $2000 27
(Alex: And it's always used in the name of the city--[*] on Main.)

Frankfurt

Triple Stumper
    $2000 10
the umpire

Mikey
    $2000 23
default

Cathy
    $2000 13
Herbert Hoover

Mikey
    $2000 8
carrion

Jim
    $2000 19
(Mikey: What is a supernova?)

a gamma-ray burst

JimMikey

Scores at the end of the Double Jeopardy! Round:

Jim Cathy Mikey
$15,400 $7,400 $12,200

[wagering suggestions for these scores]

Final Jeopardy! Round responses

HISTORIC NAMES
CathyWho is Marco Polo?
$4,801
MikeyWho is Marco Polo?
$5,860
JimWho is Marco Polo?
$9,001
Marco Polo

Final scores:

Jim Cathy Mikey
$24,401 $12,201 $18,060
5-day champion: $119,001 3rd place: $1,000 2nd place: $2,000

Game dynamics:

Coryat scores:

Jim Cathy Mikey
$15,400 $7,400 $12,400
18 R,
0 W
13 R,
3 W
16 R
(including 1 DD),
6 W
(including 2 DDs)

Combined Coryat: $35,200

[game clues] [game scores] [suggest correction]

Game tape date: 2008-10-21
The J! Archive is created by fans, for fans. Scraping, republication, monetization, and malicious use prohibited; this site may use cookies and collect identifying information. See terms. The Jeopardy! game show and all elements thereof, including but not limited to copyright and trademark thereto, are the property of Jeopardy Productions, Inc. and are protected under law. This website is not affiliated with, sponsored by, or operated by Jeopardy Productions, Inc. Join the discussion at JBoard.tv.